header

Reading the decree (Record no. 209327)

MARC details
000 -LEADER
fixed length control field 01640nam a2200397Ia 4500
100 1# - MAIN ENTRY--AUTHOR NAME
Personal name Gibson, David,
245 10 - TITLE STATEMENT
Title Reading the decree
260 ## - PUBLICATION, DISTRIBUTION, ETC. (IMPRINT)
Place of publication London ;
-- New York :
Name of publisher T & T Clark,
Year of publication c2009.
300 ## - PHYSICAL DESCRIPTION
Number of Pages xiii, 221 p.
490 1# - SERIES STATEMENT
Series statement T & T Clark studies in systematic theology
650 #0 - SUBJECT ADDED ENTRY--TOPICAL TERM
Topical Term Election (Theology)
Topical Term Salvation
856 40 - ELECTRONIC LOCATION AND ACCESS
Uniform Resource Identifier http://site.ebrary.com/lib/rucke/Doc?id=10362033

No items available.

© 2026 Rongo University
Contact us: librarian | system librarian | Rongo university